Missing Word: Best Actress (A-Z) Quiz Stats

Quiz Updated Apr 11, 2015

Challenge
Share
Tweet
Embed
Score 0/22 Timer 03:00
1 Play Today
Actress Answer % Correct
Julie _____ (A)Andrews
97.3%
Meryl _____ (S)Streep
95.3%
_____ Streisand (B)Barbra
95.1%
_____ Witherspoon (R)Reese
94.7%
_____ Keaton (D)Diane
94.6%
Natalie _____ (P)Portman
92.7%
_____ Thompson (E)Emma
87.5%
Helen _____ (H)Hunt
87.2%
Kate _____ (W)Winslet
85.5%
_____ Bergman (I)Ingrid
85.1%
Jennifer _____ (L)Lawrence
84.6%
Actress Answer % Correct
_____ de Havilland (O)Olivia
77.6%
_____ Rogers (G)Ginger
75.6%
_____ Leigh (V)Vivien
74.3%
Jessica _____ (T)Tandy
70.9%
Loretta _____ (Y)Young
68.1%
_____ Hepburn (K)Katharine
66.3%
Glenda _____ (J)Jackson
59.4%
_____ Matlin (M)Marlee
52.7%
Marion _____ (C)Cotillard
48.2%
Patricia _____ (N)Neal
46.6%
Joan _____ (F)Fontaine
45.2%

Today's Daily Dose

Missing Word
Jazz Songs 'C'

On This Day
January 18th

You're not logged in!

Compare scores with friends on all Sporcle quizzes.
Sign Up with Email
OR
Log In

You Might Also Like...

Show Comments

Extras

Top Quizzes Today


Score Distribution

Your Account Isn't Verified!

In order to create a playlist on Sporcle, you need to verify the email address you used during registration. Go to your Sporcle Settings to finish the process.